|
|
|
|
| LEADER |
03569nam a22005055i 4500 |
| 001 |
978-1-60327-177-6 |
| 003 |
DE-He213 |
| 005 |
20151125141723.0 |
| 007 |
cr nn 008mamaa |
| 008 |
100301s2008 xxu| s |||| 0|eng d |
| 020 |
|
|
|a 9781603271776
|9 978-1-60327-177-6
|
| 024 |
7 |
|
|a 10.1007/978-1-60327-177-6
|2 doi
|
| 040 |
|
|
|d GrThAP
|
| 050 |
|
4 |
|a RC648-665.2
|
| 072 |
|
7 |
|a MJG
|2 bicssc
|
| 072 |
|
7 |
|a MED027000
|2 bisacsh
|
| 082 |
0 |
4 |
|a 616.4
|2 23
|
| 100 |
1 |
|
|a Berghe, Greet Van den.
|e author.
|
| 245 |
1 |
0 |
|a Acute Endocrinology
|h [electronic resource] :
|b From Cause to Consequence /
|c by Greet Van den Berghe.
|
| 264 |
|
1 |
|a Totowa, NJ :
|b Humana Press,
|c 2008.
|
| 300 |
|
|
|a X, 316 p. 27 illus.
|b online resource.
|
| 336 |
|
|
|a text
|b txt
|2 rdacontent
|
| 337 |
|
|
|a computer
|b c
|2 rdamedia
|
| 338 |
|
|
|a online resource
|b cr
|2 rdacarrier
|
| 347 |
|
|
|a text file
|b PDF
|2 rda
|
| 490 |
1 |
|
|a Contemporary Endocrinology
|
| 505 |
0 |
|
|a Endocrine Diseases Causing Potentially Life-Threatening Emergencies -- Thyrotoxicosis -- Myxedema Coma -- Acute Adrenal Crisis -- Acute Calcium Disorders -- Phaeochromocytoma and Other Diseases of the Sympathetic Nervous System -- Hyperglycemic Crises: Diabetic Ketoacidosis (DKA) and Hyperglycemic Hyperosmolar State (HHS) -- Hypoglycemia: An Endocrine Emergency -- Endocrine Disturbances Caused by Non-endocrine Critical Illnesses -- The Dynamic Neuroendocrine Response to Critical Illness -- Changes Within the GH/IGF-I/IGFBP Axis in Critical Illness -- Changes Within the Thyroid Axis During the Course of Critical Illness -- The Adrenal Response to Critical Illness -- Catecholamines and vasopressin during critical illness -- The Diabetes of Injury: Novel Insights and Clinical Implications -- Disorders of Body Water Homeostasis.
|
| 520 |
|
|
|a The integration of endocrinology in critical care medicine has led to new experimental and clinical data on the complex endocrine and metabolic derangements accompanying non-endocrine severe illnesses. The joining of these two disciplines has generated important novel insights with significant clinical implications. Acute Endocrinology: From Cause to Consequence compiles these new findings into an important and highly relevant new resource. Part one deals with the classical life-threatening illnesses caused by primary endocrine diseases such as thyrotoxicosis, hypothyroidism, acute adrenal crisis, acute calcium disorders, pheochromocytoma, severe hyper- and hypoglycemia. Part two looks at endocrinology from the ICU side, starting with a general overview of the dynamic neuroendocrine and metabolic stress responses in the condition of intensive care-dependent, non-endocrine critical illness. Acute Endocrinology: From Cause to Consequence provides a unique and up-to-date overview of the joining of these two disciplines and seeks to stimulate further interdisciplinary research in this important and exciting field.
|
| 650 |
|
0 |
|a Medicine.
|
| 650 |
|
0 |
|a Anesthesiology.
|
| 650 |
|
0 |
|a Critical care medicine.
|
| 650 |
|
0 |
|a Internal medicine.
|
| 650 |
|
0 |
|a Endocrinology.
|
| 650 |
1 |
4 |
|a Medicine & Public Health.
|
| 650 |
2 |
4 |
|a Endocrinology.
|
| 650 |
2 |
4 |
|a Anesthesiology.
|
| 650 |
2 |
4 |
|a Internal Medicine.
|
| 650 |
2 |
4 |
|a Intensive / Critical Care Medicine.
|
| 710 |
2 |
|
|a SpringerLink (Online service)
|
| 773 |
0 |
|
|t Springer eBooks
|
| 776 |
0 |
8 |
|i Printed edition:
|z 9781603271769
|
| 830 |
|
0 |
|a Contemporary Endocrinology
|
| 856 |
4 |
0 |
|u http://dx.doi.org/10.1007/978-1-60327-177-6
|z Full Text via HEAL-Link
|
| 912 |
|
|
|a ZDB-2-SME
|
| 950 |
|
|
|a Medicine (Springer-11650)
|